000 00516nmm a2200169Ia 4500
008 251105s9999||||xx |||||||||||||||||und||
020 _a9788437073910
041 _aspa
100 _aForcadell, Carlos
245 0 _aDiscursos de España en el siglo XX
264 _a[Madrid, España] :
_bPublicaciones de la Universidad de Valencia (PUV),
_c2009
300 _a284 páginas
490 _aHistoria
650 _aHistory of Europe: Spain
856 _uhttps://public.digitaliapublishing.com/a/34836
942 _cCF
999 _c82458
_d82458